Equinoderms - Estadísticas

Estadísticas generales
  • Esta prueba ha sido intentada 2 veces
  • La puntuación promedio es 9 de 12
Estadísticas de respuestas
Pregunta Respuesta % Correcto
De les següents imatges, quina representa una ofiura?
100%
Quina de les següents imatges no correspon als peus ambulacrals
100%
Quin tipus d'alimentació presenten generalment les estrelles de mar? Carnívora
100%
Quin mecanisme utilitzen els equinoderms per moure's? El sistema ambulacral
100%
Selecciona l'afirmació correcta sobre la llanterna d'Aristòteles Permet raspar superfícies
100%
Quin dels següents mecanismes de defensa presenten els cogombres de mar? Tubs de Cuvier
100%
Quina de les següents és una capacitat pròpia dels hermafrodites seqüencials Canvien el sexe a mesura que maduren
50%
Quina de les següents afirmacions és falsa? El sistema nerviós dels equinoderms està format per: anell nerviós, nervis radials, nervis caudals i ganglis
50%
En general, els equinoderms produeixen ous petits que són expulsats al mar i fertilitzats internament. Fals
50%
Quina de les següents classes no pertany al filum dels equinoderms? homoturoïdeus
50%
Quin tipus de simetria presenten les larves dels equinoderms? Simetria bilateral
50%
Els equinoderms que poden regenerar parts del seu cos tenen reproducció de tipus: Asexual
0%
No se encontraron pruebas coincidentes
Distribución de puntuación
Porcentaje de gente con cada puntuación
Porcentaje por número respondido
Historial de tus puntuaciones
No has intentado esta prueba.